Statistics for Countries George W. Bush Traveled To As President

Click here to take the quiz!

General Stats

  • This quiz has been taken 117 times
  • The average score is 49 of 71

Answer Stats

VisitsCountry% Correct
5United Kingdom
99%
6Mexico
97%
4China
96%
7Russia
96%
1Spain
94%
4Canada
93%
4France
93%
5Germany
93%
6Italy
92%
3Japan
92%
2Brazil
91%
4Iraq
91%
1Portugal
90%
3Egypt
89%
3South Korea
89%
2Australia
88%
1Sweden
87%
1India
86%
1Turkey
84%
1Chile
83%
2Colombia
83%
1Argentina
82%
3Poland
82%
1South Africa
82%
2Belgium
81%
2Israel
81%
1Austria
80%
2Saudi Arabia
79%
2Indonesia
78%
1Pakistan
78%
1Denmark
77%
1Netherlands
77%
2Ireland
76%
2Afghanistan
74%
2Thailand
74%
1United Arab Emirates
74%
1Vietnam
74%
1Ukraine
73%
2Peru
72%
1Panama
70%
2Romania
68%
1Guatemala
64%
5Vatican City
63%
1Estonia
62%
1Hungary
61%
1Slovakia
61%
1Bulgaria
60%
1Kuwait
60%
1Uruguay
60%
2Latvia
59%
1Lithuania
59%
1Philippines
59%
1Qatar
59%
2Singapore
59%
1Croatia
58%
2Czech Republic
58%
2Jordan
58%
1Nigeria
58%
2Slovenia
57%
1El Salvador
54%
1Bahrain
48%
1Albania
44%
1Georgia
41%
1Kosovo
41%
1Mongolia
38%
1Senegal
31%
1Liberia
23%
1Botswana
22%
1Rwanda
20%
1Uganda
19%
1Benin
7%

Score Distribution

Percentile by Number Answered

Percent of People with Each Score

Your Score History

You have not taken this quiz